000 005820000a22002050004500
003 LK-CoMWRAF
005 20230915004605.0
008 230817t1997 ||||| |||| 00| 0 eng d
020 _a0609802283
040 _aLK-CoMWRAF
_dLK-CoMWRAF
_eLK-CoMWRAF
041 _aeng
082 _a305.26
_bROU
100 _aRountree, Cathleen
245 _aOn Women Turning 60:
_bEmbracing the age of Fulfillment
260 _aNew York:
_bThree Rivers,
_c1997
300 _a xv, 268 p. : ill. ; 25 cm.
650 _aOlder women--Interviews.
650 _aOlder women--Psychology
942 _cBK
999 _c1591
_d1591